Труды. Вып.247: Зональность колчеданно-полиметаллических месторождений (Запись № 3162363)

Подробности
000 -МАРКЕР
контрольное поле 01357nam2a22002531 4500
001 - ИДЕНТИФИКАТОР ЗАПИСИ
контрольное поле RU\NLR\INFOCOMM10\1000260783
005 - ИДЕНТИФИКАТОР ВЕРСИИ
контрольное поле 20250617111453.0
035 ## - ДРУГИЕ СИСТЕМНЫЕ НОМЕРА
Идентификатор записи (NLR Aleph) 002567860
100 ## - ДАННЫЕ ОБЩЕЙ ОБРАБОТКИ
Данные общей обработки 20040621d1975 |||y0rusy50 ca
101 0# - ЯЗЫК РЕСУРСА
Язык текста, звукозаписи и т.д. русский
102 ## - СТРАНА ПУБЛИКАЦИИ ИЛИ ПРОИЗВОДСТВА
Страна публикации российская федерация
105 ## - ПОЛЕ КОДИРОВАННЫХ ДАННЫХ: ТЕКСТОВЫЕ МАТЕРИАЛЫ, МОНОГРАФИЧЕСКИЕ
Кодированные данные о монографическом текстовом документе y |||||||||
200 1# - ЗАГЛАВИЕ И СВЕДЕНИЯ ОБ ОТВЕТСТВЕННОСТИ
Основное заглавие Зональность колчеданно-полиметаллических месторождений
Первые сведения об ответственности А.С. Лапухов
210 ## - ПУБЛИКАЦИЯ, РАСПРОСТРАНЕНИЕ И ДР.
Дата издания, распространения и т.д. 1975
Место издания, распространения и т.д. Б. м.
461 #0 - УРОВЕНЬ НАБОРА
Встроенное поле 001RU\NLR\INFOCOMM10\1000260550
-- 2001#$aТруды$dTransaction$fРос. акад. наук Сиб. отд-ние. Объед. ин-т геологии, геофизики и минералогии$gRus. acad. of sciences Siberian branch United inst of geology, geophysics a mineralogy$zeng$vВып.247
Системный номер (АБИС) связанной записи 3998375
Автор Объединенный институт геологии, геофизики и минералогии (Новосибирск)
Место публикации Новосибирск
Дата публикации 1960-
Первые сведения об ответственности Рос. акад. наук Сиб. отд-ние. Объед. ин-т геологии, геофизики и минералогии
Параллельное заглавие Transaction
Заглавие Труды
Номер тома Вып.247
700 #1 - ИМЯ ЛИЦА - ПЕРВИЧНАЯ ОТВЕТСТВЕННОСТЬ
Начальный элемент ввода Лапухов
Часть имени, кроме начального элемента ввода А.С.
Код отношения Автор
801 #1 - ИСТОЧНИК ЗАПИСИ
Страна российская федерация
Организация InfoComm
Дата составления 20040621
801 #0 - ИСТОЧНИК ЗАПИСИ
Страна российская федерация
Организация NLR
Правила каталогизации PSBO
852 ## - МЕСТОНАХОЖДЕНИЕ И ШИФР ХРАНЕНИЯ
Идентификатор организации NLR
Шифр хранения (Call Number) П8/464
942 ## - ДОПОЛНИТЕЛЬНЫЕ ЭЛЕМЕНТЫ ЗАПИСИ (АБИС)
Тип экземпляра АБИС Выпуск
980 ## - КОЛЛЕКЦИЯ
Название коллекции Национальная библиография
980 ## - КОЛЛЕКЦИЯ
Название коллекции Русская периодика

Нет доступных экземпляров.